00570nam a2200205Ia 4500008004100000041001200041082000800053082001100061100002000072100001700092100001100109245004700120260001100167260002000178260000900198650001500207942000700222999001900229952011600248150909s9999 xx 000 0 und d aEnglish a658 bAND/BE aAnderson L G  aSettle R F  eAuthor aBenefit cost analysis : a practical guide aCanada bLesington Books c1977 aManagement cBK c229276d229276 00104070aKAUCOAbKAUCOAd2015-09-16l0o658 AND/BEpKAU-COA-11745 r2015-09-16 00:00:00w2015-09-16yBK